000 04903cam a22018374i 4500
003 PE-LiUPU
005 20250813170008.0
008 150616s1997 pe a r 000 0 spa d
035 _a(Sirsi) a9956
040 _aPE-LiUPU
_bspa
_cPE-LiUPU
_dPE-LiUPU
_erda
049 _aPRUA
082 0 4 _a657.45
_bH48
_221
100 1 _aHidalgo Ortega, Jesús,
_eautor.
245 1 0 _aAuditoría de estados financieros :
_bteoría y casos prácticos /
_cJesús Hidalgo Ortega.
250 _aQuinta edición.
264 1 _aLima :
_bEd. FECAT,
_c1997.
300 _a583-1235 páginas :
_bilustraciones ;
_c21 centímetros
336 _atext
_2rdacontent
337 _aunmediated
_2rdamedia
338 _avolume
_2rdacarrier
500 _aOtra ed.: 1994.
505 0 _aPapeles de trabajo (modelos prácticos) -- Informes de auditoría financiera (modelos tipos) -- Cartas de circularización -- Disposiciones legales vigentes que rigen el sistema contable y auditoría en el Perú -- Aplicación práctica -- Conceptos básicos de la auditoría financiera aplicados al examen del sistema contable procesado mediante computadora -- Evidencias y normas internacionales de auditoría -- Modelos y formatos de auditoría -- Ajuste integral de los estados financieros por efectos de hiperinflación.
526 _aP203
526 _aP200
526 _aSEG65
526 _aSEG64
526 _aSEG63
526 _aSEG62
526 _aSEG61
526 _aSEG60
526 _aSEG59
526 _aSEG58
526 _aSEG57
526 _aSEG56
526 _aSEG55
526 _aSEG54
526 _aSEG53
526 _aSEG52
526 _aSEG51
526 _aSEG50
526 _aSEG49
526 _aSEG48
526 _aSEG47
526 _aSEG46
526 _aSEG24
526 _aSEG23
526 _aSEG22
526 _aSEG21
526 _aSEG20
526 _aSEG19
526 _aSEG18
526 _aSEG17
526 _aSEG16
526 _aSEG14
526 _aSEG13
526 _aSEG12
526 _aSEG11
526 _aSEG10
526 _aSEG09
526 _aSEG06
526 _aSEG05
526 _aSEG04
526 _aSEG03
526 _aSEG02
526 _aSEG68
526 _aSEG66
526 _aSEG45
526 _aSEG25
526 _aSEG01
526 _aP163
526 _aP162
526 _aP161
526 _aP160
526 _aP159
526 _aP158
526 _aP157
526 _aP156
526 _aP155
526 _aP154
526 _aP153
526 _aP152
526 _aP151
526 _aP150
526 _aP149
526 _aP142
526 _aP141
526 _aP140
526 _aP139
526 _aP138
526 _aP137
526 _aP132
526 _aP131
526 _aP130
526 _aP126
526 _aP125
526 _aP124
526 _aP123
526 _aP115
526 _aP122
526 _aP121
526 _aP116
526 _a P114
526 _aP112
526 _aP111
526 _aP104
526 _aP103
526 _aP102
526 _aP101
526 _aP100
526 _aP96
526 _aP95
526 _aP93
526 _aP92
526 _aP91
526 _aP88
526 _aP83
526 _aP82
526 _aP79
526 _aP78
526 _aP75
526 _aP74
526 _aP71
526 _aP69
526 _a P51
526 _aP49
526 _aP48
526 _aP47
526 _aP33
526 _aP31
526 _a P30
526 _aP29
526 _aP27
526 _aP26
526 _aP25
526 _aP24
526 _a P22
526 _aP10
526 _aP09
526 _a P08
526 _aP06
526 _aP05
526 _aP04
526 _aP01
650 1 4 _aEstados financieros
_xEvaluación.
650 2 4 _aAuditoría.
_91097
910 _ajck
_bjvq
_cjck
942 _2ddc
_cBOOK
949 _a657.45 H48 2
_wDEWEY
_c1
_i43494
_lCCODEBUL1
_mBUL
_p00.00
_r0
_sY
_tBOOK
_u19971125
_xFCE
_zUNKNOWN
_0COMPRA
_o.STAFF. Colección Ciencias Empresariales
949 _a657.45 H48 2
_wDEWEY
_c2
_i37437
_lCCODEBUL1
_mBUL
_p00.00
_r0
_sY
_tBOOK
_u2015-04-23
_xFCE
_zUNKNOWN
_0COMPRA
_o.STAFF. Colección Ciencias Empresariales
994 _aC0
_bPEPRU
596 _a1
999 _a657.45 H48 2
_wDEWEY
_c61465
_i43494
_d61465
_e2019-5-15
_f2021-11-5
_g6
_lCCODEBUL1
_mBUL
_n1
_p30.00
_r0
_sY
_tBOOK
_u2015-6-16
_xFCE
_PP09
_0COMPRA
_o.STAFF. Colección Ciencias Empresariales
999 _a657.45 H48 2
_wDEWEY
_c2
_i37437
_d2016-4-24
_e2016-4-21
_f2019-12-11
_g6
_lDISCARD
_mBUL
_n1
_p30.00
_r0
_sY
_tBOOK
_u2015-4-23
_xFCE
_PP08
_0COMPRA
_o.STAFF. Colección Ciencias Empresariales
980 _81
_gALBERTO SANCHEZ Responsable de Automatización